000 00540nam a2200193Ia 4500
003 OSt
005 20220107122746.0
008 130318s9999 xx 000 0 und d
020 _a9781118352151
040 _cIIITM-K
082 _a005.18 INI/E
100 _aIniewski, Krzystof
_95240
245 _aEmbedded systems:
_bHardware, design and implementation
_cbyKrzystof Iniewski
260 _bWiley,
_aNew Jersey,
_c2013.
300 _axvi, 367p.
650 _aCOMPUTER SCIENCE
_95241
650 _aEMBEDDED SYSTEMS
_95242
942 _2ddc
_cBK
999 _c4192
_d4192